Windows 3 Příručka pro uživatele
Salvato in:
| Autore principale: | |
|---|---|
| Natura: | Libro |
| Lingua: | ceco |
| Pubblicazione: |
Praha
Grada
1991
|
| Serie: | Nestůjte za dveřmi
|
| Accesso online: | Visualizza in OPAC |
| Tags: |
Nessun Tag, puoi essere il primo ad aggiungerne!!
|
MARC
| LEADER | 00000nam a2200000 a 4500 | ||
|---|---|---|---|
| 005 | 20260127134036.0 | ||
| 008 | 131003s1991 CS 0 cze c | ||
| 020 | |a 8085424142 | ||
| 035 | |a vtls001133259 | ||
| 035 | |a SNK000076111 | ||
| 039 | 9 | |a 201310031101 |b VLOAD |c 201306201805 |d VLOAD |c 200902111047 |d mschk03 |y 200412250709 |z VLOAD | |
| 040 | |a SNK |b slo |c SNK |d STUSCHK1 |e AACR2 | ||
| 041 | 0 | |a cze | |
| 044 | |a [CS] | ||
| 080 | |a 681.3.066 WINDOWS 3 |2 1981 | ||
| 100 | 1 | |a Novák, Petr | |
| 245 | 1 | |a Windows 3 |b Příručka pro uživatele |c Petr Novák | |
| 260 | |a Praha |b Grada |c 1991 | ||
| 300 | |a 142, [1] s. |c 23 cm | ||
| 490 | 0 | |a Nestůjte za dveřmi | |
| 910 | |a SCHK95 | ||
| 919 | |a 80-85424-14-2 | ||
| 954 | |a WINDOWS 3 (systém operačný) |x príručky | ||
| 999 | |c 2724 |d 2724 | ||